000 00555nam a2200133 a 4500
001 000032215
005 20200930063528.0
008 110713s19uu dr 000 0 spa d
040 _aDO-SdBNP
_bspa
_cBNPHU
245 0 0 _aMessage addressed to his countrymen by the generalissimo, Dr. Rafael Leónidas Trujillo Molina benefactor of the country, on the tenth anniversary of assuming the political direction of the dominican people.
260 _aCiudad Trujillo, República Dominicaa :
_bListín Diario,
_c[195?].
300 _a15 p. ;
_c22 cm.
049 _aBNPD
999 _c31706
_d31706